Responses for Show #1097 - Tuesday, May 16, 1989

1989 College Championship semifinal game 2.

Contestants

[<< previous game]

Monroe Roark, a junior from West Georgia College

Kyle Bostian, a senior from University of Massachusetts

Linda Krisak, a sophomore from Case Western Reserve University

[next game >>]

Jeopardy! Round responses

AUTHORS
CHILDHOOD SONGS
SCIENCE
COMEDIANS
THEMES & TRADEMARKS
NEW YEAR'S DAY
    $100 3
Cervantes

Kyle
    $100 1
ran down

Linda
    $100 21
green

Kyle
    $100 9
David Letterman

Linda
    $100 11
Wonder Bread

Kyle
    $100 14
pin money

Triple Stumper
    $200 4
(Monroe: What is Heidi?)

The Swiss Family Robinson

KyleMonroe
    $200 2
"Twinkle, Twinkle, Little Star"

Kyle
    $200 22
(Kyle: What is 100 degrees?)

0

KyleMonroe
    $200 15
Don Rickles

Monroe
    $500 13
(Linda: What is the Superman insignia?)

Superboy

Linda
    $200 27
Hawaiian

Kyle
    $300 5
Peter the Great

Linda
    $300 6
(Alex: "My Darling [*]", right)

Clementine

Kyle
    $300 23
argon

Kyle
    $300 16
Joan Rivers

Kyle
    $300 19
Chicken of the Sea

Linda
    $300 28
it was a Sunday

Kyle
    $400 7
Disraeli

Linda
    $400 10
calves

Triple Stumper
    $400 24
a right triangle

Linda
    $400 17
Eddie Murphy

Kyle
    $400 20
Yale

Kyle
    $400 29
a ram's horn (the shofar)

Triple Stumper
    $500 8
Ralph Waldo Emerson

Kyle
    $500 12
all the day

Linda
    $500 25
aluminum

Kyle
    $500 18
Martin Short

Monroe
    $500 26
(Alex We have less than a minute to go, Kyle.)

birds

Triple Stumper
    $500 30
(Kyle: What is the dragon?)

the snake

LindaKyle

Scores at the first commercial break (after clue 13):

Linda Kyle Monroe
$900 $1,400 -$200

Scores at the end of the Jeopardy! Round:

Linda Kyle Monroe
$2,100 $3,200 $700

Double Jeopardy! Round responses

THE CONSTITUTION
ACTORS & ROLES
QUOTES
WORLD GEOGRAPHY
COLOR
STARTS WITH "R"
    $200 18
Philadelphia

Kyle
    $200 1
Chevy Chase

Linda
    $200 6
a sound body

Triple Stumper
    $200 7
the Soviet Union

Kyle
    $200 13
color blindness

Linda
    $200 21
rice

Linda
    $400 27
slaves

Monroe
    $400 2
Kevin Kline

Monroe
    $400 9
a psychiatrist

Kyle
    $400 8
Antarctica

Linda
    $400 14
red

Linda
    $400 23
the robin

Kyle
    $600 28
the number of senators & representatives

Monroe
    $600 3
(Alex: From "the Beast".)

Vincent

Kyle
    $600 10
a red, red rose

Kyle
    $600 11
Switzerland

Kyle
    $2,000 15
complementary colors

Linda
    $600 24
ramblin'

Kyle
    $800 29
the Articles of Confederation

Monroe
    $800 4
(1 of) Louis Gossett Jr. (Avery Brooks)

Kyle
    $3,000 19
presents

Kyle
    $800 12
the Yucatan Peninsula

Linda
    $800 16
(Alex: We get it when the weather is very hot here and everyone uses their air conditioners.)

a brownout

Triple Stumper
    $800 25
Rolls Royce

Kyle
    $1000 30
the Federalist Papers

Monroe
    $1000 5
Dorothy Stratten

Kyle
    $1000 22
(Kyle: What is pray?)

invent him

Kyle
Triple Stumper
    $1000 20
the Appian Way

Linda
    $1000 17
yellow

Triple Stumper
    $1000 26
(Kyle: What is a rebuttal?)

a riposte

Kyle
Triple Stumper

Scores at the end of the Double Jeopardy! Round:

Linda Kyle Monroe
$7,300 $10,400 $3,900

[wagering suggestions for these scores]

Final Jeopardy! Round responses

AMERICANA
(Alex: By Benjamin Franklin.)
...
(Alex: Kyle, did you put anything down? The pressure of the moment caused you to black out; that's too bad.)
MonroeWhat is Poor Richard's Almanac?
$3,900
LindaWhat is Poor Richard's Almanac?
$6,300
KyleWhat is
$4,201
Poor Richard's Almanack

Final scores:

Linda Kyle Monroe
$13,600 $6,199 $7,800
Finalist 3rd place: $5,000 2nd place: $5,000

Game dynamics:

Coryat scores:

Linda Kyle Monroe
$6,400 $8,200 $3,900
16 R
(including 1 DD),
1 W
(including 1 DD)
26 R
(including 1 DD),
4 W
8 R,
1 W

Combined Coryat: $18,500

[game clues] [game scores] [suggest correction]

Game tape date: 1989-04-09
The J! Archive is created by fans, for fans. Scraping, republication, monetization, and malicious use prohibited; this site may use cookies and collect identifying information. See terms. The Jeopardy! game show and all elements thereof, including but not limited to copyright and trademark thereto, are the property of Jeopardy Productions, Inc. and are protected under law. This website is not affiliated with, sponsored by, or operated by Jeopardy Productions, Inc. Join the discussion at JBoard.tv.